| 000 | 01234nam0a22002891 4500 | ||
|---|---|---|---|
| 001 | rc\4747434 | ||
| 005 | 20260406154432.0 | ||
| 021 |
_aRU _b[66-90293] |
||
| 035 | _a(NLR Aleph) 009008363 | ||
| 090 |
_a9351517 _c9351517 |
||
| 100 | _a20130417d1966 |||y0rusy50 ca | ||
| 101 | 0 | _arus | |
| 102 | _aRU | ||
| 105 | _ay z ||||| | ||
| 200 | 1 |
_aВопросы языка и литературы _e[Сборник статей] _fГос. ком. высш. и сред. спец. образования Совета Министров Латв. ССР. Лиепайский гос. пед. ин-т им. Вилиса Лациса |
|
| 210 |
_aРига _cЗвайгзне _d1966 |
||
| 215 |
_a69 с. _d20 |
||
| 606 |
_aДревнерусский язык _2psbo |
||
| 606 |
_aРусская литература _2psbo |
||
| 606 |
_aРусско-латышские литературные связи _2psbo |
||
| 608 |
_aРусско-латышские словари _z18 в. _2psbo |
||
| 712 | 0 | 2 |
_aЛиепайский педагогический институт им. В. Лациса _3RU\NLR\AUTH\889929808 _9355199 |
| 801 | 0 |
_aRU _bNLR _gpsbo |
|
| 801 | 1 |
_aRU _bELAR _2rusmarc |
|
| 852 |
_aNLR _j66-4/18291 |
||
| 942 | _cBOOK | ||
| 980 | _aNB | ||